000
00202 a2200097 4500
001
47552
100
_a
Palet G
245
_a
Military knowledge
260
_a
London
_b
C Hurst
_c
090
_c
30569
_d
30569
942
_a
NUST-CAE
_c
M
_c
22857
999
_c
282625
_d
282625